00531nam a2200181 a 450000100060000000300090000600800410001502000150005604000280007108200180009910000320011724500850014926000300023430000110026465000170027565000420029265000150033416983CO-ViMGA141112s2004 ck r 000 u spa d a9682463793 aCO-ViMGAbspacCO-ViMGA04a659.132 B357r1 aBeltran y Cruces, Raúl E.10aRedacción publicitaria , Tecnicas para aprender a crear anuncios publicitarios aMexico, cTrillas, c2001 a150.p.14aCOMUNICACION14aDIAGRAMA Y TOPOGRAFIA - PUBLICITARIAS14aPUBLICIDAD